Pays qui utilise l'heure de Greenwich ! - Statistiques

Statistiques générales
  • Ce quiz a été pris 16 fois
  • Le résultat moyen est 15 sur 21
Statistiques - réponses
Réponse % Correct
Royaume-Uni
100%
Irlande
93%
Maroc
93%
Islande
86%
Portugal
86%
Côte d'Ivoire
71%
Danemark
71%
Espagne
71%
Mali
71%
Mauritanie
71%
Sénégal
71%
Gambie
64%
Ghana
64%
Guinée
64%
Guinée-Bissau
64%
Liberia
64%
Togo
64%
Burkina Faso
57%
Sao Tomé-et-Principe
57%
Sierra Leone
57%
Norvège
50%
Aucun quiz correspondant
Distribution des résultats
% des personnes avec chaque résultat
Percentile par nombre de réponses
Votre historique - résultats
Vous n’avez pas pris ce quiz